(NEW) Valorant Math(s) - Statistics

General Stats
  • This quiz has been taken 117 times
    116 since last reset
  • The average score is 8 of 10
Answer Stats
Loadout Credits % Correct
Spectre + Ghost 2,100
97%
Vandal + Light Shields 3,300
95%
Marshal + Full Shields 1,950
92%
Operator + Shorty + Cloudburst 5,200
87%
Bulldog + Classic + Regen Shields 2,700
79%
Stinger + Frenzy + Full Shields 2,550
72%
Guardian + Sheriff + Sonic Sensor 3,300
72%
Outlaw + Ghost + Light Shields + Nanoswarm 3,500
66%
Odin + Sheriff + Full Shields + Meddle 5,250
65%
Judge + Shorty + Regen Shields + Paranoia + Shrouded Step 3,150
59%
No matching quizzes found
Score Distribution
Percent of People with Each Score
Percentile by Number Answered
Your Score History
You have not taken this quiz since the last reset